00658nam a22002297a 4500003000500000005001700005008004100022010001000063011001000073035001000083040000900093082001600102100003900118245008700157260003200244300001900276650002900295650002700324650003100351700002700382700001900409CHAP20220329135514.0971013s1982 r 00010 d a37718 a38690 a42810 cCHAP a634.975bM500aMichigan Technological University. aArtificial regeneration of conifers in the upper great lakes regionb: proceedings aHoughton, Mich. :b,c1982? a435 p.b: ilus14aBosquesxRegeneración.14aConíferasxMichigan.14aReforestaciónxMichigan.0 aBerner, Jane F., comp.0 aMroz, Glenn D.